Toshi mondai gaisetsu /

Saved in:
Bibliographic Details
Main Author: Isomura, Eiichi, 1903-
Other Authors: Kuronuma, Minoru, 1926-
Format: Book
Language:Japanese
Published: Tōkyō : Kajima Kenkyūjo Shuppankai, Shōwa 49 [1974]
Edition:Shinpan.
Subjects:
Tags: Add Tag
No Tags, Be the first to tag this record!
LEADER 01016nam a2200301 i 4500
001 007766006-4
005 20024617122053.0
008 980415s1974 ja b 000 0 jpn
010 |a 74809546 /J 
015 |a Ja74-10998 
035 0 |a ocm38952980 
040 |a DLC  |c *YNH*  |d CStRLIN 
050 0 0 |a HT151  |b .I796 1974 
100 1 |6 880-01  |a Isomura, Eiichi,  |d 1903- 
245 1 0 |6 880-02  |a Toshi mondai gaisetsu /  |c Isomura Eiichi, Kuronuma Minoru kyōcho. 
250 |6 880-03  |a Shinpan. 
260 |6 880-04  |a Tōkyō :  |b Kajima Kenkyūjo Shuppankai,  |c Shōwa 49 [1974] 
300 |a 253 p. ;  |c 22 cm. 
504 |a Bibliography: p. [173]-201. 
650 0 |a Cities and towns. 
700 1 |6 880-05  |a Kuronuma, Minoru,  |d 1926- 
880 1 |6 100-01  |a 磯村英一,  |d 1903- 
880 1 0 |6 245-02  |a 都市問題槪說 /  |c 磯村英一, 黒沼稔共著. 
880 |6 250-03  |a 新版. 
880 |6 260-04  |a 東京 :  |b 鹿島研究所出版会,  |c 昭和49 [1974] 
880 1 |6 700-05  |a 黒沼稔,  |d 1926- 
988 |a 20021221 
906 |0 DLC